Grid Computing, a research monograph (Record no. 177691)

MARC details
000 -LEADER
fixed length control field 00517nam a2200193Ia 4500
008 - FIXED-LENGTH DATA ELEMENTS--GENERAL INFORMATION
fixed length control field 231217s9999 xx 000 0 und d
020 ## - INTERNATIONAL STANDARD BOOK NUMBER
International Standard Book Number 0-07-060096-1
041 ## - LANGUAGE CODE
Language code of text/sound track or separate title English
082 ## - DEWEY DECIMAL CLASSIFICATION NUMBER
Classification number 004.36 JAN;1 R
100 ## - MAIN ENTRY--PERSONAL NAME
Personal name Janakiram, D
245 #0 - TITLE STATEMENT
Title Grid Computing, a research monograph
260 ## - PUBLICATION, DISTRIBUTION, ETC.
Date of publication, distribution, etc. 2005
Name of publisher, distributor, etc. TMH
Place of publication, distribution, etc. New Delhi
300 ## - PHYSICAL DESCRIPTION
Extent xix+307
300 ## - PHYSICAL DESCRIPTION
Dimensions CD2700
500 ## - GENERAL NOTE
General note Content page available
650 ## - SUBJECT ADDED ENTRY--TOPICAL TERM
Topical term or geographic name entry element Computational grid & computer system
650 ## - SUBJECT ADDED ENTRY--TOPICAL TERM
Topical term or geographic name entry element Grid,Computing,,monograph
942 ## - ADDED ENTRY ELEMENTS (KOHA)
Koha item type Books
Holdings
Date last seen Total checkouts Full call number Accession number Uniform resource identifier Cost, total (INR) price Price effective from Category Lost status Damaged status Department Withdrawn status Home library Current library Shelving location Entry date Vendor Cost, normal purchase price Grants Billnumber Billdate Currency symbol Conversion rate Discount Old discount
26/01/2024   004.36 JAN;1 R 41998 digital/contents/45280.pdf 487.50 26/01/2024 Books     Central Library   Central Library Central Library Central Library 23/06/2006 Book Paradise 650.00 MCA 32108 11/04/2005 RS 1 162.5 25
26/01/2024   004.36 JAN;2 R1 45280 digital/contents/45280.pdf 520.00 26/01/2024 Books     CS   Central Library Central Library Central Library 16/07/2007 Tata Book House 650.00 CS 327 17/09/2008 RS 1 130 20

© For any Suggestions or Query, please contact the library staff @ librarian@pes.edu or Phone: +9180 2672 1983/ 2108.